00820nam a22001697a 4500003000900000008004100009040007100050082001900121100002000140245014600160260003800306300002600344505021300370650001600583650001400599700003700613AR-CdUCM190325b ||||| |||| 00| 0 spa d aMUNICIPALIDAD PROVINCIAL DEL CUSCOcBIBLIOTECA MUNICIPAL DEL CUSCO a320.973 /bV63 aViereck, Peter  aEl Hombre Inadaptado :bUn Nuevo Héroe para los Norteamericanos. Reflexiones entorno a la discusión entre conformismo y conservadurismo / aMéxico :bPax-México ;c1968. a428 páginas ;c19cm aContenido: Mas allá del conformismo y del noconformismo -- El caso conservador de Burke contra el partido Republicano -- La importancia de Adlai Stevenson -- La imaginación tanto ética como lírica... aPolítica  aGobierno  aOrtuño, Manuel (traducción)